1904 1320 1235 1714 1613 1338 1151 1240 1077 1183 1517 1763 1981 1185 1856 1391 1805 1889 1132 1134 1100 1435 1948 1075 1171 1860 1014 1910 1408 1750 1687 1021 1852 1532 1513 1729 1139 1865 1838 1111 1198 1699 1594 1208 1703 1265 1098 1882 1197 1934 1081 1323 1826 1307 1127 1673 1389 1539 1981 1985 1705 1073 1536 1755 1369 1443 1350 1671 1954 1839 1396 1406 1885 1768 1692 1548 1002 1201 1576 1272 1644 1396 1481 1169 1045 1515 1520 1226 1866 1269 1747 1955 1438 1288 1111 1961 1275 1748 1423 BCNSPRNW ULIB Ver.6.0+V

เปลี่ยนเป็นภาษาไทย

Change to English
 แสดงรายละเอียดบรรณานุกรม
  กลับหน้าหลัก

Brief Record : Get Marc (ISO 2709) : E-mail record : QR code < ปิดหน้าต่าง
LEADER : 00000nam a2200000Ia 4500
001    13399115206
003     ULIB
008    101004s2552 th 000 0 tha d
020    ^a9789744511492
060 04 ^aWM105^bจ631ส
100 0  ^aจุฑารัตน์ สถิรปัญญา
245 10 ^aสุขภาพจิต =^bMental health /^cจุฑารัตน์ สถิรปัญญา
246 31 ^aMental health
250    ^aพิมพ์ครั้งที่ 2
260    ^aสงขลา :^bสาขาสาธารณสุขศาสตร์ คณะวิทยาการสุขภาพและการกีฬา มหาวิทยาลัยทักษิณ,^c2552
300    ^aก-จ, 194 หน้า ;^c27 ซม.
650  4 ^aสุขภาพจิต
710 2  ^aมหาวิทยาลัยทักษิณ. ^bคณะวิทยาการสุขภาพและการกีฬา.
945    ^p265^l0^i032153
995    ^aเกษร
999 ^a ใช้งานได้ทุกระบบ
รายการนี้ยังไม่มีแท็ก
คุณยังไม่ได้ล็อกอิน คุณสามารถมีกิจกรรมร่วมกับเว็บไซต์ได้ แต่ต้องล็อกอินก่อน ::
  ล็อกอิน

รายการสื่อสารสนเทศ

ลำดับที่ ประเภท เลขเรียก/บาร์โค้ด สถานที่ สถานะ
- ไม่พบข้อมูล -

รายการใกล้เคียง
    ผู้แต่ง [จุฑารัตน์ สถิรปัญญา]

    หัวเรื่อง [สุขภาพจิต]

BibComment


ยังไม่เคยถูกคอมเมนท์

คอมเมนท์ทรัพยากรรายการนี้
  คอมเมนท์: สุขภาพจิต Menta..


 Copyright 2026. Bcnsprnw @Library